Liberales y conservadores: textos doctrinales
Saved in:
| Format: | Bog |
|---|---|
| Sprog: | spansk |
| Udgivet: |
Caracas
Conmemorativas del Sesquicentenario de la Independencia
1961
|
| Serier: | Pensamiento Político Venezolano del Siglo XIX, 10-11
|
| Fag: | |
| Tags: |
Tilføj Tag
Ingen Tags, Vær først til at tagge denne postø!
|
MARC
| LEADER | 00000nam a2200000 a 4500 | ||
|---|---|---|---|
| 001 | UCO3804 | ||
| 003 | CL-VaPUC | ||
| 008 | 000720e19610000VE |||||||||||||||||spa|d | ||
| 082 | 0 | 4 | |a 320.0987 |b LIB |2 21 |
| 245 | 1 | 0 | |a Liberales y conservadores: textos doctrinales |
| 300 | |a v | ||
| 942 | |c BK | ||
| 945 | |d 20000720 00:00:00 |a crobeson | ||
| 260 | |a Caracas |b Conmemorativas del Sesquicentenario de la Independencia |c 1961 | ||
| 650 | 7 | |a FILOSOFIA POLITICA |2 CL-VaPUC |9 447748 | |
| 650 | 7 | |a TEORIA POLITICA |2 CL-VaPUC |9 447749 | |
| 650 | 0 | |a Doctrinas políticas |9 255835 | |
| 651 | 0 | |a Venezuela |9 254993 | |
| 583 | |a last modification |c 20160913 04:18:28 |k Rodrigo Vera | ||
| 490 | 0 | |a Pensamiento Político Venezolano del Siglo XIX, 10-11 | |
| 999 | |c 289935 |d 289933 | ||
| 952 | |0 0 |1 0 |4 0 |6 320_098700000000000_LIB_1961 |7 0 |8 A |9 338918 |a BIBHIS |b BIBHIS |d 2019-11-20 |h v.1 |i 1201409 |o 320.0987 LIB 1961 |p 1201409 |r 2025-01-20 |w 2019-11-20 |y BK |k HIS | ||
| 952 | |0 0 |1 0 |4 0 |6 320_098700000000000_LIB_1961 |7 0 |8 A |9 338919 |a BIBHIS |b BIBHIS |d 2019-11-20 |h v.2 |i 1201417 |o 320.0987 LIB 1961 |p 1201417 |r 2025-01-20 |w 2019-11-20 |y BK |k HIS | ||